De la incertidumbre del conflicto armado al incertidumbre electoral: la democratización del significado del voto en Nicaragua /
En este se analizan los últimos cinco procesos electorales, nacionales y municipales entre 1984-2001, centrándose en su evolución y en sus efectos sobre la democratización del sistema político. En un primer momento, se hace referencia al contexto de las primeras elecciones celebradas a cinco años de...
Guardat en:
| Autor principal: | |
|---|---|
| Format: | Text |
| Matèries: | |
| Etiquetes: |
Afegir etiqueta
Sense etiquetes, Sigues el primer a etiquetar aquest registre!
|
MARC
| LEADER | 00000 a a2200000 04500 | ||
|---|---|---|---|
| 001 | 40793 | ||
| 003 | |||
| 040 | |||
| 100 | |a Baldizón, Abelardo | ||
| 245 | |a De la incertidumbre del conflicto armado al incertidumbre electoral: |b la democratización del significado del voto en Nicaragua / |c Abelardo Baldizón | ||
| 500 | |a abelardobaldizon@yahoo.com | ||
| 520 | |a En este se analizan los últimos cinco procesos electorales, nacionales y municipales entre 1984-2001, centrándose en su evolución y en sus efectos sobre la democratización del sistema político. En un primer momento, se hace referencia al contexto de las primeras elecciones celebradas a cinco años del triunfo revolucionario, estudiando al Frente Sandinista de Liberación Nacional (FSLN), y en el segundo apartado indaga en los efectos de la alternancia electoral sobre el sistema político nicaragüense, poniendo énfasis en las reformas constitucionales y electorales de 1995. | ||
| 590 | |a SJB/MAYO2011 | ||
| 650 | |a 1. ELECCIONES | ||
| 650 | |a 2. SISTEMAS ELECTORALES | ||
| 650 | |a 3. CONFLICTOS POLITICOS | ||
| 650 | |2 Macrothesaurus de la OCDE |a 4. OPOSICION POLITICA | ||
| 650 | |a 5. GOBIERNO LOCAL | ||
| 650 | |a 6. CIUDADANIA | ||
| 650 | |a 7. POLITICA | ||
| 650 | |a 8. DEMOCRACIA | ||
| 650 | |a 9. NICARAGUA | ||
| 773 | |g número48 ( , 2005), páginas 46-59 | ||
| 999 | |c 32198 |d 32198 | ||
